000 00621nam a2200229Ia 4500
003 OSt
005 20220923213831.0
006 a|||||r|||| 00| 0
007 ta
008 220922b |||||||| |||| 00| 0 hin d
024 _a164,972
037 _cTextual
040 _aARTS
_cARTS
_bhin
041 _2hin
_ahin
082 _aO152:1N363x, K9
100 _aआदेश्वर राव, पी0
_9163151
245 0 _aअन्तराल
246 _aAntarāla
260 _c1969
942 _hO152:1N363x, K9
_cTEXL
_2CC
999 _c319451
_d319451